| 000 | 01280cam a2200349 i 4500 | ||
|---|---|---|---|
| 001 | 14000574 | ||
| 003 | EG-ScBUE | ||
| 005 | 20241015135259.0 | ||
| 008 | 050613t2006 njua f b 001 0 eng d | ||
| 020 | _a0131862367 | ||
| 020 | _a9780131862364 | ||
| 040 |
_aDLC _beng _erda _cDLC _dYDX _dBAKER _dUKM _dIXA _dVP@ _dDLC _dEG-ScBUE |
||
| 082 | 0 | 4 |
_a515.35 _222 _bPOL |
| 100 | 1 |
_aPolking, John C., _eauthor. _939030 |
|
| 245 | 1 | 0 |
_aDifferential equations with boundary value problems / _cJohn Polking, Rice University, Albert Boggess, Texas A&M University, David Arnold, College of the Redwoods. |
| 250 | _aSecond edition. | ||
| 264 | 1 |
_aUpper Saddle River, New Jersey : _bPearson Education Inc., _c[2006] |
|
| 264 | 4 | _cc2006 | |
| 300 |
_a1 volume (various pagings) : _billustrations ; _c27 cm |
||
| 336 |
_2rdacontent _atext _btxt |
||
| 337 |
_2rdamedia _aunmediated _bn |
||
| 338 |
_2rdacarrier _avolume _bnc |
||
| 504 | _aIncludes bibliographical references and index. | ||
| 650 | 7 |
_aDifferential equations. _2BUEsh _937976 |
|
| 650 | 7 |
_aBoundary value problems. _2BUEsh _918377 |
|
| 651 | _2BUEsh | ||
| 653 |
_bENGGEN _cJune2015 _cJanuary2016 |
||
| 655 | _vReading book | ||
| 700 | 1 |
_aBoggess, Albert, _eauthor. |
|
| 700 | 1 |
_aArnold, David, _d1945- _eauthor. |
|
| 942 |
_2ddc _cBB |
||
| 999 |
_c20022 _d19994 |
||